Прочность, жесткость и трещиностойкость железобетонных конструкций: сборник научных трудов

Бібліографічні деталі
Співавтор: Научно-исследовательский институт бетона и железобетона (570)
Інші автори: Гвоздев А. А. (редактор)
Мова:Російська
Опубліковано:
Предмети:
Формат: Книга
KOHA link:https://koha.lib.tpu.ru/cgi-bin/koha/opac-detail.pl?biblionumber=674477

MARC

LEADER 00000nam0a2200000 4500
001 674477
005 20240912081049.0
090 |a 674477 
100 |a 20240911d1979 k||y0rusy50 ca 
101 0 |a rus 
102 |a RU 
105 |a a z 001yy 
181 0 |a i   |b  e  
182 0 |a n 
183 0 |a nc  |2 RDAcarrier 
200 1 |a Прочность, жесткость и трещиностойкость железобетонных конструкций  |e сборник научных трудов  |f Научно-исследовательский институт бетона и железобетона; под ред. А. А. Гвоздева 
320 |a Список литературы в конце статей 
606 1 |a Железобетонные конструкции  |x Запас прочности  |9 37684 
610 1 |a прочность 
610 1 |a жесткость 
610 1 |a трещиноустойчивость 
610 1 |a железобетонные элементы 
610 1 |a трещины 
610 1 |a расчет 
610 1 |a растяжение 
610 1 |a сжатие 
610 1 |a бетон 
610 1 |a ползучесть 
610 1 |a деформация 
610 1 |a влияние 
610 1 |a предельные состояния 
675 |a 624.012.45.046  |v 4 
702 |4 340  |a Гвоздев  |b А. А. 
712 0 2 |a Научно-исследовательский институт бетона и железобетона  |4 570  |9 27702 
801 0 |a RU  |b 63413507  |c 20240912 
830 |a Ретро2024Каталогизация Шило 
850 |a 63413507 
942 |c BK